000 00451nam a2200181Ia 4500
001 19941
005 20260306172729.0
008 260306t2014||||xx |||||||||||||| ||spa||
041 _aESP
082 _a341.52
_bR91 2014
100 _aRubio Correa, Marcial
_eAUT
245 0 _aAplicación de la norma jurídica en el tiempo
260 _c2014
300 _a179 páginas :
_c20 cm.
650 _aGEN
654 _aCDE
942 _cLIB
_dJUS
_fJUS
_2ddc
_n
999 _c19941
_d19941